[Event "SRB-chT2 East"]
[Site "Serbia"]
[Date "2017.10.07"]
[Round "9.5"]
[White "Kostic, Tomislav"]
[Black "Stankovic, Darko"]
[Result "1/2-1/2"]
[WhiteElo "2046"]
[BlackElo "1912"]
[PlyCount "76"]
[EventDate "2017.09.08"]
[EventType "team-tourn"]
[EventRounds "11"]
[EventCountry "SRB"]
[SourceTitle "EXT 2022"]
[Source "ChessBase"]
[SourceDate "2021.10.06"]
[SourceVersion "1"]
[SourceVersionDate "2021.10.06"]
[SourceQuality "1"]

1. e4 c5 2. Nf3 Nc6 3. d4 cxd4 4. Nxd4 Nf6 5. Nc3 e5 6. Ndb5 d6 7. Bg5 a6 8. Na3 Be7 9. Bxf6 Bxf6 10. Nc4 Nd4 11. Nd5 b5 12. Nce3 Bg5 13. Bd3 0-0 14. 0-0 g6 15. c3 Ne6 16. a4 bxa4 17. Nc4 Nc5 18. Bc2 Rb8 19. Nb4 Bb7 20. Qxd6 Qxd6 21. Nxd6 a5 22. Nd5 Ba6 23. Rfd1 Rfd8 24. Ne3 Bxe3 25. fxe3 Rb6 26. Rd5 Rdxd6 27. Rxc5 Rxb2 28. Bxa4 Rdd2 29. c4 Rxg2+ 30. Kh1 Rxh2+ 31. Kg1 Rhe2 32. Bc6 Rxe3 33. Bd5 Rc3 34. Rc7 Rbc2 35. Bxf7+ Kh8 36. Rxa5 Rc1+ 37. Kg2 R1c2+ 38. Kg1 Rc1+ 1/2-1/2

[Event "SRB-chT3 East"]
[Site "Serbia"]
[Date "2015.10.15"]
[Round "6.25"]
[White "Rakic, Nikola"]
[Black "Kostic, Tomislav"]
[Result "0-1"]
[WhiteElo "1700"]
[BlackElo "1983"]
[PlyCount "120"]
[EventDate "2015.09.06"]
[EventType "team-tourn"]
[EventRounds "11"]
[EventCountry "SRB"]
[SourceTitle "EXT 2022"]
[Source "ChessBase"]
[SourceDate "2021.10.06"]
[SourceVersion "1"]
[SourceVersionDate "2021.10.06"]
[SourceQuality "1"]

1. e4 c5 2. Nf3 e6 3. d4 cxd4 4. Nxd4 a6 5. Nc3 b5 6. Bd3 Qb6 7. Be3 Bc5 8. Be2 Nc6 9. Nxc6 dxc6 10. Bxc5 Qxc5 11. a3 e5 12. Bg4 Nf6 13. Bxc8 Rxc8 14. 0-0 0-0 15. Qe2 Rfd8 16. Rfd1 Rd4 17. Rd2 Rcd8 18. Rad1 a5 19. Rxd4 Rxd4 20. Rxd4 Qxd4 21. Qd3 g6 22. Qxd4 exd4 23. Ne2 c5 24. f3 Kf8 25. b4 cxb4 26. axb4 a4 27. Nxd4 a3 28. Nb3 Ke7 29. Kf2 Kd6 30. Ke3 Nd7 31. f4 Nb6 32. Kd4 a2 33. c3 Nc4 34. Na1 f6 35. h4 h6 36. Kd3 g5 37. hxg5 hxg5 38. g3 g4 39. Nb3 Ke6 40. Nd4+ Ke7 41. Nb3 Kd6 42. Kd4 Nd2 43. Na1 Nf1 44. e5+ fxe5+ 45. fxe5+ Ke6 46. c4 bxc4 47. b5 Nxg3 48. b6 Nf5+ 49. Kc5 Kd7 50. Kxc4 g3 51. Kb3 g2 52. e6+ Kc6 53. Kxa2 g1Q 54. Nb3 Kxb6 55. Kb2 Qe3 56. Ka2 Qxe6 57. Ka3 Qe3 58. Kb4 Nd4 59. Na5 Nc6+ 60. Nxc6 Kxc6 0-1

[Event "SRB Central-ch op-B 8th"]
[Site "Paracin"]
[Date "2015.07.07"]
[Round "5"]
[White "Farkas, Sandor I"]
[Black "Kostic, Tomislav"]
[Result "1-0"]
[WhiteElo "1863"]
[BlackElo "1995"]
[PlyCount "95"]
[EventDate "2015.07.03"]
[EventType "swiss"]
[EventRounds "9"]
[EventCountry "SRB"]
[SourceTitle "CBM 167 Extra"]
[Source "ChessBase"]
[SourceDate "2015.09.14"]
[SourceVersion "1"]
[SourceVersionDate "2015.09.14"]
[SourceQuality "1"]

1. e4 c5 2. Nf3 e6 3. d4 cxd4 4. Nxd4 a6 5. c4 Nf6 6. Nc3 d6 7. Be2 Be7 8. Be3 0-0 9. 0-0 b6 10. Rc1 Bb7 11. f3 Nbd7 12. Qd2 Rc8 13. a3 Qc7 14. b4 Qb8 15. Rfd1 Bd8 16. Nb3 Bc7 17. Bf4 Ne5 18. Bxe5 dxe5 19. c5 Nh5 20. Kh1 f5 21. Qg5 Nf6 22. exf5 e4 23. Qh4 exf3 24. gxf3 exf5 25. Nd4 Bf4 26. c6 Bxc6 27. Bxa6 Bxc1 28. Bxc8 Rxc8 29. Rxc1 Bb7 30. Kg2 Rc4 31. Nce2 Rxc1 32. Nxc1 Qe5 33. Nce2 h6 34. Qg3 Qd5 35. Qf4 Ba6 36. Qb8+ Kh7 37. Qxb6 Bxe2 38. Nxe2 Nd7 39. Qd4 Qe6 40. Nf4 Qa2+ 41. Kg3 Nf6 42. Qd3 Qa1 43. Qxf5+ Kg8 44. Qe6+ Kh7 45. Qe3 Qb2 46. h4 Qa1 47. b5 Qb2 48. b6 1-0

[Event "SRB Central-ch op-B 8th"]
[Site "Paracin"]
[Date "2015.07.04"]
[Round "2"]
[White "Kostic, Tomislav"]
[Black "Ratkovic, Petar"]
[Result "1-0"]
[WhiteElo "1995"]
[BlackElo "1847"]
[PlyCount "59"]
[EventDate "2015.07.03"]
[EventType "swiss"]
[EventRounds "9"]
[EventCountry "SRB"]
[SourceTitle "CBM 167 Extra"]
[Source "ChessBase"]
[SourceDate "2015.09.14"]
[SourceVersion "1"]
[SourceVersionDate "2015.09.14"]
[SourceQuality "1"]

1. e4 c6 2. d4 d5 3. exd5 cxd5 4. Bd3 Nc6 5. c3 Nf6 6. Bf4 e6 7. Nf3 Bd6 8. Bxd6 Qxd6 9. 0-0 0-0 10. Re1 b6 11. Nbd2 Bb7 12. Ne5 Rac8 13. Ndf3 Ne7 14. Ng5 h6 15. Ngf3 Ne4 16. Nd2 Nxd2 17. Qxd2 Nc6 18. Ng4 Rc7 19. Nxh6+ gxh6 20. Qxh6 f6 21. Re3 Kf7 22. Qh7+ Ke8 23. Rxe6+ Qxe6 24. Qxc7 Qe7 25. Bg6+ Rf7 26. Qxe7+ Nxe7 27. Re1 Kf8 28. Bxf7 Kxf7 29. h4 Kg6 30. Re2 1-0

[Event "SRB Central-ch op-B 8th"]
[Site "Paracin"]
[Date "2015.07.04"]
[Round "3"]
[White "Miljkovic, Jovana"]
[Black "Kostic, Tomislav"]
[Result "1-0"]
[WhiteElo "1812"]
[BlackElo "1995"]
[PlyCount "91"]
[EventDate "2015.07.03"]
[EventType "swiss"]
[EventRounds "9"]
[EventCountry "SRB"]
[SourceTitle "CBM 167 Extra"]
[Source "ChessBase"]
[SourceDate "2015.09.14"]
[SourceVersion "1"]
[SourceVersionDate "2015.09.14"]
[SourceQuality "1"]

1. d4 Nf6 2. c4 e6 3. Nc3 Bb4 4. Qc2 d5 5. g3 Bxc3+ 6. Qxc3 Ne4 7. Qc2 0-0 8. Bf4 c5 9. cxd5 Qxd5 10. f3 Nf6 11. Qxc5 Nc6 12. Rd1 Qxa2 13. Bc1 Bd7 14. e4 b6 15. Qc4 Qxc4 16. Bxc4 Na5 17. Ba2 Ba4 18. Rd3 Rac8 19. Ne2 Rfd8 20. Rc3 Bb5 21. Rxc8 Rxc8 22. Nc3 Bc4 23. Bxc4 Rxc4 24. Be3 Nb3 25. d5 exd5 26. exd5 Nd4 27. Kd2 Nf5 28. Kd3 Nxe3 29. Kxe3 Kf8 30. Re1 Rc5 31. Kd4 Nd7 32. g4 f6 33. f4 Kf7 34. Re2 h5 35. gxh5 f5 36. h4 Rc8 37. Nb5 Kg8 38. Nd6 Rc1 39. Re8+ Kh7 40. Nf7 Rd1+ 41. Kc3 g6 42. Ng5+ Kh6 43. Rh8+ Kg7 44. Rh7+ Kf8 45. Rxd7 gxh5 46. Rf7+ 1-0

[Event "SRB-chT2 East"]
[Site "Leskovac"]
[Date "2014.09.26"]
[Round "2.3"]
[White "Kostic, Tomislav"]
[Black "Trickovic, Borivoje"]
[Result "0-1"]
[WhiteElo "2004"]
[BlackElo "2231"]
[PlyCount "96"]
[EventDate "2014.09.25"]
[EventType "team-swiss"]
[EventRounds "6"]
[EventCountry "SRB"]
[SourceTitle "EXT 2015"]
[Source "ChessBase"]
[SourceDate "2014.11.20"]
[SourceVersion "1"]
[SourceVersionDate "2014.11.20"]
[SourceQuality "1"]

1. e4 Nf6 2. Nc3 d5 3. exd5 Nxd5 4. Nf3 Bg4 5. Bc4 e6 6. d4 Be7 7. 0-0 0-0 8. Nxd5 exd5 9. Bd3 Nd7 10. h3 Bh5 11. Re1 Nf6 12. Bf4 Re8 13. Be2 Ne4 14. Ne5 Bxe2 15. Rxe2 f6 16. Nd3 Bd6 17. f3 Bxf4 18. Nxf4 Qd6 19. Nxd5 Qxd5 20. fxe4 Rxe4 21. Rxe4 Qxe4 22. Qd2 Rd8 23. c3 c5 24. Re1 Qd5 25. Qe3 cxd4 26. Qxd4 Qxd4+ 27. cxd4 Rxd4 28. Re7 Rb4 29. b3 h5 30. Kf2 Kh7 31. Ke3 Kh6 32. Rd7 g5 33. g3 Kg6 34. Rd3 a5 35. Rd5 b6 36. Rd3 Kf5 37. Rd5+ Ke6 38. Rd8 a4 39. Rd3 axb3 40. axb3 Ke5 41. Kf3 f5 42. Ke3 h4 43. Kf3 hxg3 44. Kxg3 Ke4 45. Rc3 Rd4 46. h4 gxh4+ 47. Kxh4 b5 48. Rc2 Kd3+ 0-1

[Event "Paracin-ch"]
[Site "Paracin"]
[Date "2014.01.19"]
[Round "9"]
[White "Stefanovic, Vladimir"]
[Black "Kostic, Tomislav"]
[Result "1/2-1/2"]
[WhiteElo "2201"]
[BlackElo "2023"]
[PlyCount "98"]
[EventDate "2014.01.10"]
[EventType "swiss"]
[EventRounds "9"]
[EventCountry "SRB"]
[SourceTitle "CBM 158 Extra"]
[Source "ChessBase"]
[SourceDate "2014.02.28"]
[SourceVersion "1"]
[SourceVersionDate "2014.02.28"]
[SourceQuality "1"]

1. c4 e5 2. g3 Nc6 3. Bg2 f5 4. Nc3 Nf6 5. d3 Bb4 6. Qb3 Nd4 7. Qa4 0-0 8. Bd2 d6 9. e3 Bd7 10. Qd1 Bxc3 11. Bxc3 Nc6 12. Ne2 Qe8 13. 0-0 Qh5 14. b4 Rab8 15. b5 Ne7 16. d4 e4 17. d5 g5 18. Nd4 Qh6 19. f3 Ng6 20. Ne6 Bxe6 21. dxe6 Ne5 22. Bxe5 dxe5 23. e7 Rfe8 24. fxe4 Ng4 25. Qd5+ Kh8 26. h3 Nxe3 27. Qxe5+ Qg7 28. Qxg7+ Kxg7 29. Rf3 Nxg2 30. exf5 Kf6 31. Kxg2 Rxe7 32. g4 Rd8 33. Raf1 Rd4 34. Ra3 Rxc4 35. Rxa7 Rc3 36. Rf3 Re2+ 37. Rf2 Ree3 38. Rxb7 Rg3+ 39. Kh2 Rxh3+ 40. Kg1 Rhg3+ 41. Rg2 Rh3 42. Re2 Rhg3+ 43. Rg2 Rh3 44. Rf2 Rhg3+ 45. Rg2 Rh3 46. b6 Rc1+ 47. Kf2 Rc2+ 48. Kg1 Rc1+ 49. Kf2 Rc2+ 1/2-1/2

[Event "Paracin-ch"]
[Site "Paracin"]
[Date "2014.01.18"]
[Round "8"]
[White "Rajkovic, Zoran"]
[Black "Kostic, Tomislav"]
[Result "0-1"]
[WhiteElo "1890"]
[BlackElo "2023"]
[PlyCount "124"]
[EventDate "2014.01.10"]
[EventType "swiss"]
[EventRounds "9"]
[EventCountry "SRB"]
[SourceTitle "CBM 158 Extra"]
[Source "ChessBase"]
[SourceDate "2014.02.28"]
[SourceVersion "1"]
[SourceVersionDate "2014.02.28"]
[SourceQuality "1"]

1. d4 Nf6 2. Nf3 e6 3. Bg5 Be7 4. e3 b6 5. Bd3 Bb7 6. c3 d6 7. Qa4+ Nbd7 8. Bb5 a6 9. Bxd7+ Qxd7 10. Qxd7+ Kxd7 11. Nbd2 h6 12. Bxf6 Bxf6 13. e4 g6 14. 0-0 g5 15. e5 Be7 16. Nc4 f5 17. exd6 Bxd6 18. Nxd6 cxd6 19. Nd2 Rac8 20. Rfe1 b5 21. a4 b4 22. c4 Rhe8 23. b3 a5 24. Rad1 Re7 25. Re3 Ke8 26. Rh3 Rh7 27. Re1 Kf7 28. Rhe3 Re8 29. g3 Kf6 30. f3 h5 31. d5 e5 32. Kg2 Rc8 33. R1e2 Rcc7 34. Rd3 Bc8 35. Rde3 Rhg7 36. Re1 Rg6 37. Rc1 Rc5 38. h3 Kg7 39. Kh1 Bb7 40. Rd3 Kf7 41. Rg1 Rc8 42. Kg2 Ke7 43. Nf1 Kd7 44. Ne3 Rf6 45. Nd1 Kc7 46. Nf2 Kb6 47. g4 hxg4 48. hxg4 Rh8 49. Rh1 Rxh1 50. Kxh1 Bc8 51. Kg2 fxg4 52. fxg4 Rf4 53. Kg3 Bd7 54. Rf3 Be8 55. Rxf4 gxf4+ 56. Kf3 Bg6 57. Ne4 Kc7 58. g5 Kd7 59. Nf6+ Ke7 60. Ne4 Be8 61. Kg4 Bxa4 62. Kf3 Bxb3 0-1

[Event "Paracin-ch"]
[Site "Paracin"]
[Date "2014.01.12"]
[Round "4"]
[White "Nikolic, Milan"]
[Black "Kostic, Tomislav"]
[Result "1/2-1/2"]
[WhiteElo "1842"]
[BlackElo "2023"]
[PlyCount "45"]
[EventDate "2014.01.10"]
[EventType "swiss"]
[EventRounds "9"]
[EventCountry "SRB"]
[SourceTitle "CBM 158 Extra"]
[Source "ChessBase"]
[SourceDate "2014.02.28"]
[SourceVersion "1"]
[SourceVersionDate "2014.02.28"]
[SourceQuality "1"]

1. c4 e5 2. Nc3 Bb4 3. a3 Bxc3 4. dxc3 f5 5. e4 d6 6. exf5 Bxf5 7. f4 Nc6 8. Nf3 Qe7 9. Be2 Nf6 10. 0-0 0-0 11. fxe5 dxe5 12. b4 Rad8 13. Qb3 Bd3 14. Bxd3 Rxd3 15. Bg5 Qe6 16. Bxf6 Rxf6 17. Ng5 Qe7 18. c5+ Kh8 19. Rxf6 gxf6 20. Qc4 Rd8 21. Nf7+ Kg7 22. Nxd8 Nxd8 23. Qd3 1/2-1/2

[Event "Pozarevac City-chB"]
[Site "Pozarevac"]
[Date "2013.12.28"]
[Round "2"]
[White "Kostic, Tomislav"]
[Black "Garic, Radomir"]
[Result "1/2-1/2"]
[WhiteElo "2017"]
[BlackElo "2246"]
[PlyCount "26"]
[EventDate "2013.12.27"]
[EventType "swiss"]
[EventRounds "5"]
[EventCountry "SRB"]
[SourceTitle "CBM 158 Extra"]
[Source "ChessBase"]
[SourceDate "2014.02.28"]
[SourceVersion "1"]
[SourceVersionDate "2014.02.28"]
[SourceQuality "1"]

1. e4 e5 2. Nf3 Nc6 3. Nc3 Nf6 4. d4 exd4 5. Nxd4 Bb4 6. Nxc6 bxc6 7. Bd3 d5 8. exd5 cxd5 9. 0-0 0-0 10. Bg5 Bxc3 11. bxc3 Be6 12. Rb1 h6 13. Bh4 c6 1/2-1/2

[Event "SRB-chT2 East"]
[Site "Zajecar"]
[Date "2013.10.12"]
[Round "5.55"]
[White "Dragic, Vladimir"]
[Black "Kostic, Tomislav"]
[Result "0-1"]
[WhiteElo "2145"]
[BlackElo "1991"]
[PlyCount "48"]
[EventDate "2013.10.10"]
[EventType "team-swiss"]
[EventRounds "8"]
[EventCountry "SRB"]
[SourceTitle "EXT 2015"]
[Source "ChessBase"]
[SourceDate "2014.11.20"]
[SourceVersion "1"]
[SourceVersionDate "2014.11.20"]
[SourceQuality "1"]

1. d4 Nf6 2. Nf3 e6 3. e3 b6 4. Nbd2 Bb7 5. Bd3 d5 6. Ne5 Bd6 7. 0-0 0-0 8. f4 c5 9. b3 Ne4 10. Nxe4 dxe4 11. Be2 Nc6 12. Bb2 Ne7 13. c4 Nf5 14. Qc1 Qc7 15. Ng4 f6 16. g3 Rad8 17. Rd1 h5 18. Nf2 cxd4 19. exd4 h4 20. Nh1 hxg3 21. hxg3 Nxg3 22. Nxg3 Bxf4 23. Qc3 Bxg3 24. Ba3 Qf4 0-1

[Event "SRB-chT2 East"]
[Site "Zajecar"]
[Date "2013.10.10"]
[Round "1"]
[White "Kostic, Tomislav"]
[Black "Petrov, Georgi"]
[Result "0-1"]
[WhiteElo "1991"]
[BlackElo "2219"]
[PlyCount "60"]
[EventDate "2013.10.10"]
[EventType "team-swiss"]
[EventRounds "8"]
[EventCountry "SRB"]
[SourceTitle "EXT 2014"]
[Source "ChessBase"]
[SourceDate "2013.11.20"]
[SourceVersion "1"]
[SourceVersionDate "2013.11.20"]
[SourceQuality "1"]

1. e4 c5 2. Nf3 Nc6 3. d4 cxd4 4. Nxd4 Nf6 5. Nc3 Qb6 6. Nb3 e6 7. Be3 Qc7 8. f3 Bb4 9. Qd2 d5 10. a3 Bxc3 11. Qxc3 dxe4 12. fxe4 0-0 13. Bd3 Ng4 14. Bc5 Rd8 15. 0-0-0 b6 16. Bg1 Bb7 17. h3 Qf4+ 18. Kb1 Nf6 19. Bh2 Qg5 20. Rdf1 Rac8 21. Bf4 Qg6 22. e5 Ne4 23. Qe1 Nd4 24. Nxd4 Rxd4 25. h4 Rxd3 26. cxd3 Nc5 27. Qd2 Nxd3 28. Ka1 Nc5 29. Rf3 Bxf3 30. gxf3 Nb3+ 0-1

[Event "SRB Central-ch op-B 6th"]
[Site "Paracin"]
[Date "2013.07.12"]
[Round "9"]
[White "Brankovan, Mario"]
[Black "Kostic, Tomislav"]
[Result "0-1"]
[WhiteElo "1938"]
[BlackElo "1978"]
[PlyCount "99"]
[EventDate "2013.07.05"]
[EventType "swiss"]
[EventRounds "9"]
[EventCountry "SRB"]
[SourceTitle "CBM 155 Extra"]
[Source "ChessBase"]
[SourceDate "2013.08.26"]
[SourceVersion "1"]
[SourceVersionDate "2013.08.26"]
[SourceQuality "1"]

1. d4 d5 2. Nf3 e6 3. e3 Bd6 4. Bd3 f5 5. b3 Qe7 6. Bb2 Nf6 7. Nbd2 0-0 8. c4 c6 9. Qc2 Ne4 10. g3 Bd7 11. c5 Bc7 12. a3 Be8 13. b4 Bh5 14. Be2 Nd7 15. Ng1 Bxe2 16. Nxe2 e5 17. dxe5 Nxe5 18. Bxe5 Bxe5 19. Rd1 a5 20. Nxe4 fxe4 21. Nd4 axb4 22. axb4 Ra3 23. 0-0 Rfa8 24. Qe2 g6 25. Qg4 R8a4 26. Qc8+ Kf7 27. b5 Ra8 28. Qh3 Bxd4 29. Rxd4 Kg7 30. Rc1 Ra2 31. bxc6 bxc6 32. Rb4 Rf8 33. Rcb1 Qf6 34. Rb7+ Rf7 35. Rxf7+ Qxf7 36. Qf1 Qf3 37. Ra1 Rd2 38. Qe1 Re2 39. Qf1 h5 40. Re1 Rd2 41. Rc1 Kh6 42. h4 d4 43. exd4 e3 44. Qg2 exf2+ 45. Kh2 Qe2 46. Qf1 Qe4 47. Ra1 Qxd4 48. Rc1 Qe3 49. Kg2 Rd3 50. Qxf2 0-1

[Event "SRB Central-ch op-B 6th"]
[Site "Paracin"]
[Date "2013.07.09"]
[Round "6"]
[White "Kostic, Tomislav"]
[Black "Djuretanovic, Ivan"]
[Result "1/2-1/2"]
[WhiteElo "1978"]
[BlackElo "2042"]
[PlyCount "40"]
[EventDate "2013.07.05"]
[EventType "swiss"]
[EventRounds "9"]
[EventCountry "SRB"]
[SourceTitle "CBM 155 Extra"]
[Source "ChessBase"]
[SourceDate "2013.08.26"]
[SourceVersion "1"]
[SourceVersionDate "2013.08.26"]
[SourceQuality "1"]

1. e4 e5 2. Nf3 Nc6 3. Nc3 f5 4. d4 exd4 5. Nxd4 Nxd4 6. Qxd4 d6 7. Bc4 c6 8. Bf4 Nf6 9. a4 Qb6 10. 0-0-0 Qxd4 11. Rxd4 fxe4 12. Bxd6 Bxd6 13. Rxd6 Ke7 14. Rhd1 Bf5 15. h3 Rhd8 16. Rxd8 Rxd8 17. Rxd8 Kxd8 18. Kd2 Ke7 19. Ke3 Kd6 20. Kd4 e3 1/2-1/2

[Event "SRB Central-ch op-B 6th"]
[Site "Paracin"]
[Date "2013.07.06"]
[Round "3"]
[White "Glisic, Tomislav"]
[Black "Kostic, Tomislav"]
[Result "0-1"]
[WhiteElo "1912"]
[BlackElo "1978"]
[PlyCount "82"]
[EventDate "2013.07.05"]
[EventType "swiss"]
[EventRounds "9"]
[EventCountry "SRB"]
[SourceTitle "CBM 155 Extra"]
[Source "ChessBase"]
[SourceDate "2013.08.26"]
[SourceVersion "1"]
[SourceVersionDate "2013.08.26"]
[SourceQuality "1"]

1. e4 c5 2. Nf3 e6 3. d4 cxd4 4. Nxd4 a6 5. Bd3 Nf6 6. 0-0 d6 7. Nd2 Be7 8. c3 0-0 9. Bc2 Nbd7 10. N2b3 Qc7 11. f4 b6 12. Nf3 Bb7 13. Re1 Rfd8 14. Qe2 e5 15. Kh1 Rac8 16. f5 d5 17. exd5 Nxd5 18. Bg5 Bxg5 19. Nxg5 Nf4 20. Qf2 Bxg2+ 21. Kg1 h6 22. Nf3 Nh3+ 23. Kxg2 Nxf2 24. Kxf2 Re8 25. Nbd2 Nf6 26. Ne4 Nxe4+ 27. Bxe4 Qc5+ 28. Re3 Rcd8 29. Rc1 a5 30. c4 Rd4 31. Kg3 Rxc4 32. Rce1 b5 33. Bd3 Rc1 34. R1e2 f6 35. Nd2 Qb4 36. Nb3 Rd1 37. Bc2 Qf4+ 38. Kg2 Qg4+ 39. Kf2 Qg1+ 40. Kf3 e4+ 41. Rxe4 Rf1+ 0-1

[Event "Srebrno Jezero op-B 7th"]
[Site "Srebrno Jezero"]
[Date "2013.06.14"]
[Round "1"]
[White "Kostic, Tomislav"]
[Black "Stanimirovic, Ivana"]
[Result "1-0"]
[WhiteElo "1942"]
[BlackElo "1562"]
[PlyCount "59"]
[EventDate "2013.06.14"]
[EventType "swiss"]
[EventRounds "9"]
[EventCountry "SRB"]
[SourceTitle "EXT 2014"]
[Source "ChessBase"]
[SourceDate "2013.11.20"]
[SourceVersion "1"]
[SourceVersionDate "2013.11.20"]
[SourceQuality "1"]

1. e4 c6 2. d4 d5 3. exd5 cxd5 4. Bd3 Nf6 5. c3 e6 6. Bf4 Bd6 7. Bxd6 Qxd6 8. Nf3 Nc6 9. 0-0 0-0 10. Re1 b6 11. Nbd2 Bb7 12. Ne5 Rfe8 13. Ndf3 h6 14. g4 g6 15. Qd2 Qf8 16. Qf4 Qg7 17. h4 Nh7 18. g5 h5 19. Nxc6 Bxc6 20. Ne5 Bb7 21. Nd7 Rac8 22. Re3 Red8 23. Nf6+ Nxf6 24. gxf6 Qf8 25. Qg5 Kh7 26. Rg3 Qh6 27. Qe5 Qd2 28. Qxh5+ Qh6 29. Qg4 Kg8 30. h5 1-0